Kay and others and another v London Borough of Lambeth and others (Record no. 77006)
[ view plain ]
| 000 -LEADER | |
|---|---|
| fixed length control field | 01869cab a2200217 4500 |
| 001 - CONTROL NUMBER | |
| control field | ##L133439 |
| 008 - FIXED-LENGTH DATA ELEMENTS--GENERAL INFORMATION | |
| fixed length control field | 060508n2006 000 0 eng u |
| 035 ## - SYSTEM CONTROL NUMBER | |
| System control number | (Sirsi) u133439 |
| 041 0# - LANGUAGE CODE | |
| Language code of text/sound track or separate title | eng |
| 245 00 - TITLE STATEMENT | |
| Title | Kay and others and another v London Borough of Lambeth and others |
| Remainder of title | Leeds City Council v Price and others and others |
| 260 ## - PUBLICATION, DISTRIBUTION, ETC. | |
| Date of publication, distribution, etc. | 2006 |
| 520 ## - SUMMARY, ETC. | |
| Summary, etc. | [2006] UKHL 10, 8 March 2006. Considers whether the European Convention on Human Rights 1950 Art 8 provides tenants with a defence against actions for possession by their landlords or not. Appeal by K and P against the decisions ([2004] EWCA Civ 926, Abs68045 and [2005] EWCA Civ 289, L129258) that Art 8 did not provide them with a defence against possession actions by LA and LE. "Held": in the first case that the tenancies were not derivative estates and any rights enjoyed by K have never been enforceable against LA. The decision in "Harrow LBC V Qazi" ([2003] UKHL 43, Abs67176) that the enforcement of a right to possession in accordance with the domestic law of property could never be incompatible with Art 8 had to be modified in the light of "Connors v United Kingdom" ([2004] 40 EHRR 189, unreported). Three of the seven judges dissented on the issue of the circumstances where Art 8 had to be considered and were of the opinion that only in highly exceptional circumstances might an occupier be able to raise a serious case on the basis of personal circumstances that a possession order would be in breach of Art 8. |
| 590 ## - LOCAL NOTE (RLIN) | |
| Local note | IKA090506 |
| 650 24 - SUBJECT ADDED ENTRY--TOPICAL TERM | |
| Topical term or geographic name entry element | CONVENTION FOR THE PROTECTION OF HUMAN RIGHTS AND FUNDAMENTAL FREEDOMS ART 8 |
| 650 ## - SUBJECT ADDED ENTRY--TOPICAL TERM | |
| Topical term or geographic name entry element | CONNORS V UNITED KINGDOM |
| 650 ## - SUBJECT ADDED ENTRY--TOPICAL TERM | |
| Topical term or geographic name entry element | HARROW LBC V QAZI |
| 650 ## - SUBJECT ADDED ENTRY--TOPICAL TERM | |
| Topical term or geographic name entry element | KAY AND OTHERS V LAMBETH LBC AND ANOTHER |
| 651 #4 - SUBJECT ADDED ENTRY--GEOGRAPHIC NAME | |
| Geographic name | England and Wales |
| Chronological subdivision | 1543- |
| 690 ## - LOCAL SUBJECT ADDED ENTRY--TOPICAL TERM (OCLC, RLIN) | |
| Topical term or geographic name as entry element | PROPERTY-RESIDENTIAL PROPERTY-RESIDENTIAL LANDLORD AND TENANT |
| 942 ## - ADDED ENTRY ELEMENTS (KOHA) | |
| Suppress in OPAC | 0 |
| Withdrawn status | Lost status | Source of classification or shelving scheme | Damaged status | Not for loan | Home library | Current library | Shelving location | Date acquired | Total Checkouts | Full call number | Barcode | Date last seen | Copy number | Price effective from | Koha item type |
|---|---|---|---|---|---|---|---|---|---|---|---|---|---|---|---|
| Dewey Decimal Classification | Virtual | Virtual | Online | 08/05/2006 | ONLINE PUBLICATION | 133439-2001 | 06/08/2019 | 1 | 06/08/2019 | Law report |